Massifs du Massif Central sur une carte - Statistiques

Statistiques générales
  • Ce quiz a été pris 338 fois
  • Le résultat moyen est 11 sur 30
Réponses sur la Carte
Les réponses sont colorées sur une échelle allant du rouge au vert en fonction du pourcentage des utilisateurs qui les ont devinées à leur premier essai. Vous pouvez retrouver ces pourcentages ci-dessous.
 
Statistiques - réponses
Réponse % Correct
Cévennes
78%
Monts du Cantal
76%
Grands Causses
68%
Chaîne des Puys
65%
Monts du Forez
65%
Monts du Vivarais
63%
Plateau de l'Aubrac
59%
Plateau de Millevaches
53%
Monts du Lyonnais
50%
Montagne Noire
43%
Massif du Pilat
41%
Monts du Livradois
40%
Massif du Mézenc/Massif du Meygal
39%
Monts du Beaujolais
39%
Monts de la Margeride
37%
Causses du Quercy
32%
Monts Dore
32%
Monts de la Madeleine/Montagne bourbonnaise
28%
Plateau du Limousin
27%
Massif du Cézallier
26%
Monts du Mâconnais
21%
Monts de la Marche
20%
Combrailles
17%
Monts de Lacaune
12%
Châtaigneraie
11%
Ségala
11%
Plateau du Lévézou
10%
Monts de l'Espinouse
9%
Xaintrie
9%
Massif du Devès
6%
Aucun quiz correspondant
Distribution des résultats
% des personnes avec chaque résultat
Percentile par nombre de réponses
Votre historique - résultats
Vous n’avez pas pris ce quiz